000 00793nam a22002777a 4500
001 BR6900403
003 BR-BrBNA
005 20230928083536.0
007 ta
008 230509b bl.||||| |||| 00| 0 por d
040 _aBR-BrBNA
_bpor
_cBiblioteca Nacional de Agricultura
041 _a(Por)
072 _aF70
_b3570
_b/G514
090 _ 3570 BR6900403
100 1 _aMoreira, A.X.
110 1 _aMuseu Nacional, Rio de Janeiro, GB (Brasil)
_97645
245 1 _aCatalogo de polens do estado da Guanabara e arredores [Brasil]
260 3 _aRio de Janeiro, GB (Brasil):
_c1969.
300 _a49 p.
500 _a9 illus.; 11 ref.; Glossary p. 45-48
650 _aTaxonomia vegetal
650 _aPolen
650 _aGuanabara
909 _a202309
_bLucia
_c55
_dLucia Elande
942 _cBK
999 _c14060
_d14060